[Event "ch-FRA Blitz Online Qual"]
[Site "Europe-Chess INT"]
[Date "2020.05.16"]
[Round "14"]
[White "Firouzja, Alireza"]
[Black "Ivanchuk, Vasyl"]
[Result "1/2-1/2"]
[WhiteTitle "GM"]
[BlackTitle "GM"]
[WhiteElo "2728"]
[BlackElo "2678"]
[WhiteFideId "12573981"]
[BlackFideId "14100010"]
[EventDate "2020.05.16"]

1. d4 Nf6 2. c4 e6 3. Nf3 b6 4. a3 Bb7 5. Nc3 d5 6. cxd5 Nxd5 7. Qc2 Nxc3 8.
bxc3 Be7 9. e4 O-O 10. Bd3 c5 11. O-O Qc8 12. Qe2 Ba6 13. Rd1 Re8 14. Bf4 Bxd3
15. Rxd3 Nc6 16. h4 Qa6 17. h5 Rad8 18. Qe3 h6 19. Nh2 cxd4 20. cxd4 e5 21. Bxh6
gxh6 22. Ng4 Bg5 23. Qg3 Kf8 24. d5 Nd4 25. Kh1 Ne2 26. Qf3 Nf4 27. Rd2 Nxh5 28.
Rdd1 Rd6 29. g3 Qc8 30. Kg2 Ng7 31. a4 h5 32. Nh2 Qc2 33. Qa3 Rd8 34. Nf3 Bf6
35. Qe3 Kg8 36. Rdc1 Qb2 37. Rcb1 Qc2 38. Rc1 Qb2 39. Rab1 Qa2 40. Rb4 a5 41.
Rbc4 Qb2 42. Qd3 b5 43. R4c2 Qb4 44. axb5 a4 45. Rc6 a3 46. Ra1 Ra8 47. Nd2 a2
48. Nc4 Ne8 49. Nxd6 Nxd6 50. b6 Kf8 51. Rc2 Qxb6 52. Rcxa2 Rxa2 53. Rxa2 Qb4
54. Ra6 Kg7 55. Qf3 Nxe4 56. Qxh5 Qd4 57. Qg4+ Ng5 58. Qxd4 exd4 59. f4 Ne4 60.
Kf3 Nc5 61. Rc6 Nd7 62. Rc7 Nb6 63. d6 d3 64. d7 Kf8 65. Rb7 Bd8 66. Ke3 Ke7 67.
Kxd3 Nxd7 68. g4 Ke8 69. Kd4 Be7 70. g5 Ba3 71. Rc7 Bd6 72. Rc8+ Ke7 73. f5 Bf4
74. Rg8 Bc1 75. Kd5 Nb6+ 76. Kc6 Nc4 77. Kd5 Nb6+ 78. Ke4 Nd7 79. Rg7 Kf8 80. f6
Bxg5 81. Rxg5 Nxf6+ 82. Kf5 Ne8 83. Rg1 Ke7 84. Re1+ Kf8 85. Ra1 Ke7 86. Ra7+
Kf8 87. Ke5 Kg7 88. Ra6 Kf8 89. Ra8 Ke7 90. Ra7+ Kf8 91. Kd5 Nf6+ 92. Kd6 Ne4+
93. Kd7 Nf6+ 94. Kd8 Ng8 95. Ra1 Nf6 96. Rf1 Ne4 97. Rf4 Ng5 98. Kd7 Ne6 99. Rf1
Ng5 100. Kd6 Ne6 101. Ra1 Ng5 102. Ke5 Kg7 103. Kf5 Ne6 104. Rg1+ Kf8 105. Kf6
Nc7 106. Ra1 Ne8+ 107. Kf5 Nd6+ 108. Ke5 Ne8 109. Ra7 1/2-1/2

[Event "ch-FRA Blitz Online Qual"]
[Site "Europe-Chess INT"]
[Date "2020.05.16"]
[Round "14"]
[White "Dourerassou, Jonathan"]
[Black "Piorun, Kacper"]
[Result "1/2-1/2"]
[WhiteTitle "GM"]
[BlackTitle "GM"]
[WhiteElo "2477"]
[BlackElo "2601"]
[WhiteFideId "628050"]
[BlackFideId "1130420"]
[EventDate "2020.05.16"]

1. e4 e6 2. Nc3 d5 3. d4 Bb4 4. e5 c5 5. a3 Bxc3+ 6. bxc3 Qa5 7. Bd2 Qa4 8. Nf3
b6 9. h4 Ba6 10. h5 h6 11. Rh4 Ne7 12. dxc5 Qc6 13. cxb6 Bxf1 14. Kxf1 axb6 15.
Nd4 Qd7 16. Rg4 Kf8 17. Qf3 Nbc6 18. Qg3 Rh7 19. Kg1 Qc7 20. Rf4 Kg8 21. Re1
Nxd4 22. cxd4 Qxc2 23. Bb4 Nf5 24. Qf3 Qc4 25. Rd1 Rc8 26. g4 Nh4 27. Qg3 g5 28.
hxg6 Nxg6 29. Rf6 Qc2 30. Re1 h5 31. g5 h4 32. Qf3 h3 33. Kh2 Nh4 34. Qg4 Nf5
35. Rf1 Ne3 36. Qg1 Nxf1+ 37. Qxf1 Qe4 38. g6 fxg6 39. Qg1 Rf7 40. Rxg6+ Kh7 41.
Rg3 Rf4 42. Be7 Qf5 43. Rxh3+ Qxh3+ 44. Kxh3 Rf5 45. Bf6 Rg8 46. Qb1 Kh6 47.
Qc1+ Kh7 48. Qc7+ Kh6 49. Bh4 Rf3+ 50. Bg3 Rg6 51. Qd8 Kh7 52. Qxb6 Rxa3 53. Qd8
Ra7 54. Qh4+ Rh6 55. Kg4 Rxh4+ 56. Bxh4 Kg6 57. Bg5 Ra4 58. Be3 Rb4 59. Kf4 Rc4
60. Kg4 Rc2 61. Kf4 Rc8 62. Kg4 Rf8 63. Bf4 Rf5 64. Be3 Kf7 65. Kg3 Ke7 66. Kg2
Kd7 67. Kf1 Kc6 68. Ke2 Kb5 69. Kd3 Rf8 70. Kc3 Ra8 71. Kd3 Ra3+ 72. Ke2 Kc4 73.
Kf3 Ra8 74. Kf4 Rf8+ 75. Kg4 Kd3 76. Kg5 Ke4 77. Kg6 Rf5 78. Kg7 Rf3 79. Kg6 Kd3
80. Kg5 Kc4 81. Kg6 Kb5 82. Kg5 Kc6 83. Kg6 Kd7 84. Kg5 Ke7 85. Kg4 Rf5 86. Bg5+
Kf7 87. Be3 Kg6 88. Bf4 Rh5 89. Be3 Rh1 90. Kf4 Rg1 91. Bd2 Kh5 92. Be3 Rg4+ 93.
Kf3 Kh4 94. Bf4 Kh3 95. Be3 Re4 96. Ke2 Kg2 97. Kd3 Kf3 98. Kd2 Rh4 99. Kc3 Rh1
100. Kb4 Rh8 101. Kc5 Ke4 102. Kd6 Kf5 103. Ke7 Rh7+ 104. Kd6 Ra7 105. Bd2 Ra6+
106. Ke7 1/2-1/2

[Event "ch-FRA Blitz Online Qual"]
[Site "Europe-Chess INT"]
[Date "2020.05.16"]
[Round "14"]
[White "Papadiamandis, Elliot"]
[Black "Gozzoli, Yannick"]
[Result "1-0"]
[BlackTitle "GM"]
[WhiteElo "2269"]
[BlackElo "2600"]
[WhiteFideId "36074160"]
[BlackFideId "616915"]
[EventDate "2020.05.16"]

1. e4 Nf6 2. e5 Nd5 3. d4 d6 4. Nf3 g6 5. Bc4 Nb6 6. Bb3 Bg7 7. Ng5 e6 8. Qf3
Qd7 9. Ne4 dxe5 10. Nf6+ Bxf6 11. Qxf6 Rg8 12. dxe5 Qd4 13. Nc3 N8d7 14. Qg5 h6
15. Qe3 Qxe3+ 16. Bxe3 a6 17. f4 Nb8 18. Ne4 Kf8 19. O-O-O Kg7 20. h4 h5 21. g4
Bd7 22. Nf6 Rh8 23. gxh5 Bc6 24. Rhg1 N8d7 25. hxg6 Rxh4 26. gxf7+ Kxf7 27. Nxd7
Nxd7 28. f5 Nxe5 29. fxe6+ Kf8 30. Rdf1+ Nf3 31. Rg3 Rh5 32. Rgxf3+ Bxf3 33.
Rxf3+ Ke7 34. Rf7+ Kd6 35. Bf4+ Kc6 36. Rxc7+ Kb6 37. Rg7 Rf5 38. Be3+ Kc6 39.
e7 Re8 40. Bf7 Rxe7 41. Bd5+ Kd6 42. Bc5+ Kxc5 43. Rxe7 Rxd5 44. Rxb7 Rh5 45. b3
Kc6 46. Rb4 Rh2 47. Kb2 Rg2 48. Rc4+ Kb6 49. a4 Rg3 50. Rf4 Rg2 51. Rf6+ Kb7 52.
b4 Rg7 53. Kb3 Rh7 54. b5 axb5 55. axb5 Rh1 56. c4 Rb1+ 57. Kc3 Rh1 58. Kb4 Rg1
59. Rf7+ Kb8 60. Ka5 Rc1 61. Kb6 Kc8 62. c5 Rh1 63. Rf8+ Kd7 64. c6+ Ke7 65. Ra8 1-0

[Event "ch-FRA Blitz Online Qual"]
[Site "Europe-Chess INT"]
[Date "2020.05.16"]
[Round "14"]
[White "Velten, Paul"]
[Black "Maze, Sebastien"]
[Result "1/2-1/2"]
[WhiteTitle "GM"]
[BlackTitle "GM"]
[WhiteElo "2480"]
[BlackElo "2557"]
[WhiteFideId "681091"]
[BlackFideId "613762"]
[EventDate "2020.05.16"]

1. d4 Nf6 2. c4 g6 3. Nc3 Bg7 4. e4 d6 5. h3 O-O 6. Be3 Nc6 7. Nge2 e5 8. d5 Nd4
9. Nxd4 exd4 10. Bxd4 Nxe4 11. Nxe4 Qh4 12. Bxg7 Qxe4+ 13. Qe2 Qxe2+ 14. Bxe2
Kxg7 15. Bd3 a5 16. Kd2 Bd7 17. b3 h5 18. h4 Kf6 19. a3 Rfe8 20. Rhe1 b6 21. Kc3
Rxe1 22. Rxe1 Re8 23. Rxe8 Bxe8 24. Kd4 g5 25. g3 Bd7 26. b4 axb4 27. axb4 Bg4
28. hxg5+ Kxg5 29. f4+ Kf6 30. c5 bxc5+ 31. bxc5 Bf3 32. Bc2 Bg2 33. Bd1 Kg6 34.
Be2 Bh1 35. Kc4 Bg2 36. Kd4 Kh6 37. Bd3 h4 38. gxh4 Kh5 39. cxd6 cxd6 40. Bh7
Kxh4 41. Bg8 f6 42. Be6 Kg3 43. Ke3 Bf3 44. Bf7 Bd1 45. Be6 Bc2 46. Bf7 Bf5 47.
Be6 Bg6 48. f5 Be8 49. Kd4 Kf4 50. Kc4 Ke5 51. Kb4 Kd4 52. Ka5 Kc5 53. Ka6 Bb5+
54. Kb7 Bc4 55. Kc7 Bxd5 56. Kd7 Be4 57. Ke7 Kd4 58. Kxf6 Bxf5 59. Kxf5 d5 60.
Bf7 Kc5 61. Bxd5 1/2-1/2

[Event "ch-FRA Blitz Online Qual"]
[Site "Europe-Chess INT"]
[Date "2020.05.16"]
[Round "14"]
[White "Bellahcene, Bilel"]
[Black "Bijaoui, Manuel"]
[Result "1-0"]
[WhiteTitle "GM"]
[BlackTitle "IM"]
[WhiteElo "2501"]
[BlackElo "2411"]
[WhiteFideId "696358"]
[BlackFideId "626783"]
[EventDate "2020.05.16"]

1. e4 c5 2. Nf3 d6 3. d4 cxd4 4. Nxd4 Nf6 5. Nc3 a6 6. h4 Nc6 7. h5 h6 8. Be2
Nxd4 9. Qxd4 e5 10. Qd3 Be6 11. f4 Rc8 12. Qg3 Qa5 13. Bd2 exf4 14. Qxf4 Qe5 15.
O-O-O Be7 16. Qxe5 dxe5 17. Bf3 O-O 18. Nd5 Bxd5 19. exd5 e4 20. Be2 Nxd5 21.
Kb1 Rfd8 22. Bg4 Rb8 23. Rhe1 e3 24. Bc1 Bh4 25. Rh1 Bf2 26. Bf3 Ne7 27. Rdf1
Nf5 28. Rxf2 exf2 29. Rf1 Nd4 30. Bg4 f5 31. Bd1 Ne6 32. Be2 Nd4 33. Bd3 Re8 34.
Bd2 Rbd8 35. Rxf2 Ne6 36. b4 f4 37. Kb2 Kh8 38. Bc3 Rf8 39. Be4 b5 40. Bg6 Ng5
41. Re2 f3 42. gxf3 Rxf3 43. Re7 Rxc3 44. Kxc3 Rc8+ 45. Kb2 Nf3 46. Ra7 Ne5 47.
Rxa6 Nxg6 48. Rxg6 Rc4 49. c3 Rh4 50. a4 bxa4 51. b5 Rxh5 52. c4 Rc5 53. Kc3 Kh7
54. Rc6 Re5 55. b6 Re8 56. b7 Rb8 57. Rb6 h5 58. c5 h4 59. c6 h3 60. Rb1 h2 61.
Rh1 Kg6 62. Rxh2 Kf6 63. c7 Rxb7 64. c8=Q Rb3+ 65. Kc4 Ke5 66. Qc5+ Kf4 67. Qd4+
Kg3 68. Qh4+ Kf3 69. Rh3+ Ke2 70. Rxb3 axb3 71. Kxb3 g5 72. Qxg5 Kf3 73. Kc4 Ke4
74. Qd5+ Kf4 75. Kd4 Kg3 76. Qf5 Kh4 77. Qg6 Kh3 78. Ke3 Kh2 79. Kf3 Kh3 80.
Qg3# 1-0

[Event "ch-FRA Blitz Online Qual"]
[Site "Europe-Chess INT"]
[Date "2020.05.16"]
[Round "14"]
[White "Terrieux, Kevin"]
[Black "Delorme, Alban"]
[Result "0-1"]
[WhiteTitle "IM"]
[BlackTitle "FM"]
[WhiteElo "2448"]
[BlackElo "2322"]
[WhiteFideId "622591"]
[BlackFideId "623636"]
[EventDate "2020.05.16"]

1. d4 d5 2. Nc3 Nf6 3. Bf4 a6 4. e3 e6 5. g4 Bb4 6. Ne2 O-O 7. a3 Be7 8. g5 Nh5
9. h4 Nd7 10. Bg2 Nxf4 11. Nxf4 c5 12. Qd2 Nb6 13. b3 cxd4 14. exd4 Bd7 15. Nd3
Nc8 16. f4 Nd6 17. Ne2 Rc8 18. h5 Qc7 19. Ra2 h6 20. gxh6 gxh6 21. Bf3 Kh8 22.
Ne5 Bb5 23. Ng3 Rg8 24. Kf2 Qd8 25. c4 dxc4 26. bxc4 Bxc4 27. Rc2 Bh4 28. Rh3
Rxg3 29. Rxg3 Qg8 30. Ng4 Nf5 31. Kg2 Bxg3 32. d5 exd5 33. Qc3+ d4 34. Qb4 Bxf4
35. Rxc4 Ne3+ 36. Kh3 Rxc4 37. Qe7 Nxg4 38. Bxg4 Rc3+ 0-1

[Event "ch-FRA Blitz Online Qual"]
[Site "Europe-Chess INT"]
[Date "2020.05.16"]
[Round "14"]
[White "Demuth, Adrien"]
[Black "Msellek, Ilyass"]
[Result "1/2-1/2"]
[WhiteTitle "GM"]
[BlackTitle "FM"]
[WhiteElo "2492"]
[BlackElo "2316"]
[WhiteFideId "642274"]
[BlackFideId "675938"]
[EventDate "2020.05.16"]

1. Nf3 d6 2. d4 g6 3. c4 Bg7 4. Nc3 Nf6 5. e4 O-O 6. Be2 Na6 7. Bf4 Nh5 8. Bg5
h6 9. Be3 e5 10. Qd2 Kh7 11. O-O exd4 12. Nxd4 Nf6 13. Rfe1 Nc5 14. f3 a5 15.
Bf1 c6 16. Rad1 Ne6 17. Nxe6 Bxe6 18. Qxd6 Nd7 19. Bd4 Bxd4+ 20. Qxd4 a4 21. e5
Qa5 22. Ne4 Qxe5 23. Qxe5 Nxe5 24. Nf6+ Kg7 25. Nh5+ gxh5 26. Rxe5 Rfd8 27. Ree1
Kf6 28. Kf2 h4 29. Ke3 Kg5 30. g3 hxg3 31. hxg3 Re8 32. Kf2 Kf6 33. Be2 Red8 34.
Rh1 Kg7 35. Ke3 Re8 36. Kf2 Red8 37. f4 Bf5 38. g4 Bc2 39. Rxd8 Rxd8 40. Rc1 Be4
41. Bd1 b5 42. cxb5 cxb5 43. Be2 Rd2 44. Ke3 Rxb2 45. a3 Bd5 46. Bd3 Rb3 47. Kd4
Bc4 48. Bxc4 bxc4 49. Rxc4 Rxa3 50. Ke4 Ra1 51. Kf5 a3 52. Ra4 a2 53. Ra7 Kg8
54. Ra8+ Kg7 55. Ra7 Kg8 56. Ra8+ Kg7 57. Ra7 1/2-1/2

[Event "ch-FRA Blitz Online Qual"]
[Site "Europe-Chess INT"]
[Date "2020.05.16"]
[Round "14"]
[White "Ioannidis, Evgenios"]
[Black "Vaisser, Anatoly"]
[Result "1-0"]
[WhiteTitle "IM"]
[BlackTitle "GM"]
[WhiteElo "2401"]
[BlackElo "2504"]
[WhiteFideId "4229274"]
[BlackFideId "603252"]
[EventDate "2020.05.16"]

1. d4 Nf6 2. c4 c5 3. d5 b5 4. cxb5 a6 5. bxa6 g6 6. Nc3 Bg7 7. e4 O-O 8. a7
Rxa7 9. Nf3 Qa5 10. Bd2 Qb4 11. a3 Qb6 12. Bd3 d6 13. O-O Ba6 14. Qe2 Nbd7 15.
Nb5 Bxb5 16. Bxb5 Nxe4 17. Qxe4 Qxb5 18. Qxe7 Qxb2 19. Qxd6 Qxa1 20. Rxa1 Bxa1
21. h4 Bg7 22. h5 Nf6 23. Qxc5 Rd7 24. h6 Rxd5 25. Qc6 Bh8 26. Bc3 Rf5 27. Nh4
Rf4 28. g3 Rxh4 29. gxh4 Nh5 30. Bxh8 Kxh8 31. a4 Kg8 32. a5 Nf4 33. a6 Ne2+ 34.
Kf1 Nd4 35. Qd5 Nf5 36. a7 Nxh6 37. a8=Q Rxa8 38. Qxa8+ Kg7 39. Qa1+ Kg8 40. Qf6
Ng4 41. Qd8+ Kg7 42. h5 f5 43. Qg5 Kf7 44. f3 Nf6 45. hxg6+ hxg6 46. Qh6 Nh5 47.
Kf2 Kf6 48. Ke3 Kf7 49. Kd4 Kf6 50. f4 Ng7 51. Qh8 Kf7 52. Ke5 Nh5 53. Qh7+ Ng7
54. Qh6 Nh5 55. Qh8 Ng7 56. Qh7 Kf8 57. Qxg6 Ne8 58. Qxf5+ Ke7 59. Qe6+ Kf8 60.
f5 Ng7 61. Qc8+ Kf7 62. Qd7+ Kf8 63. f6 Ne8 64. Qe7+ 1-0

[Event "ch-FRA Blitz Online Qual"]
[Site "Europe-Chess INT"]
[Date "2020.05.16"]
[Round "14"]
[White "Suarez Uriel, Adrian"]
[Black "Bailet, Pierre"]
[Result "0-1"]
[WhiteTitle "IM"]
[BlackTitle "IM"]
[WhiteElo "2340"]
[BlackElo "2500"]
[WhiteFideId "22230874"]
[BlackFideId "655830"]
[EventDate "2020.05.16"]

1. e4 e5 2. Nf3 Nc6 3. Bc4 Nf6 4. d3 Be7 5. O-O O-O 6. Re1 d6 7. a4 Be6 8. Nbd2
h6 9. a5 b6 10. c3 Nxa5 11. Bxe6 fxe6 12. Qa4 Qd7 13. Qa2 Kh7 14. d4 exd4 15.
cxd4 Nc6 16. Qa4 a5 17. d5 Nb4 18. Qxd7 Nxd7 19. dxe6 Nc5 20. Nd4 Bf6 21. N2f3
Rae8 22. Bd2 Nxe6 23. Nxe6 Rxe6 24. Bxb4 axb4 25. Ra7 c5 26. b3 Rfe8 27. Rb7
Rxe4 28. Rxe4 Rxe4 29. Rxb6 Re2 30. g4 Rb2 31. h4 Rxb3 32. Kg2 Rd3 33. g5 hxg5
34. hxg5 Be5 35. Nh4 b3 36. Rb8 b2 37. f4 Bxf4 38. g6+ Kh6 39. Rxb2 Bg5 40. Nf3
Kxg6 41. Rb6 Bf6 42. Kf2 c4 43. Ke2 Rb3 44. Rc6 d5 45. Rc5 Rd3 46. Rc6 Kf7 47.
Rc7+ Ke6 48. Rc6+ Kd7 49. Ra6 Rb3 50. Ra7+ Kc6 51. Ra6+ Kc5 52. Ra5+ Rb5 53. Ra6
Rb2+ 54. Ke3 d4+ 55. Ke4 Re2+ 56. Kf4 d3 57. Ra5+ Kb4 58. Rd5 Kc3 59. Ng1 Re5
60. Rxe5 Bxe5+ 61. Kxe5 d2 62. Ne2+ Kd3 63. Nf4+ Kc2 64. Ng2 Kd3 65. Nf4+ Kc2
66. Ng2 d1=Q 67. Ne3+ Kd2 68. Nxd1 Kxd1 69. Kd4 Ke2 70. Kxc4 Kf3 71. Kd4 g5 0-1

[Event "ch-FRA Blitz Online Qual"]
[Site "Europe-Chess INT"]
[Date "2020.05.16"]
[Round "14"]
[White "Vlachos, Anatole"]
[Black "Arnaudov, G. Petar"]
[Result "1-0"]
[WhiteTitle "IM"]
[BlackTitle "GM"]
[WhiteElo "2401"]
[BlackElo "2471"]
[WhiteFideId "26093189"]
[BlackFideId "2907127"]
[EventDate "2020.05.16"]

1. f4 d5 2. Nf3 Bg4 3. e3 Nd7 4. h3 Bxf3 5. Qxf3 e5 6. Qxd5 exf4 7. exf4 Qh4+ 8.
Kd1 O-O-O 9. Nc3 Ngf6 10. Qf3 Nh5 11. d3 Ng3 12. Rg1 Bc5 13. Be3 Bxe3 14. Qxe3
Rhe8 15. Qf2 Nb6 16. Ne2 Rxe2 17. Bxe2 Nd5 18. c3 Nxf4 19. Bg4+ f5 20. Qxf4 Kb8
21. Kc2 h5 22. Rae1 hxg4 23. hxg4 g5 24. Qd4 Rc8 25. gxf5 Qh7 26. f6 Qg6 27. Qg4
Nh5 28. Rgf1 Nxf6 29. Qe6 Rd8 30. Qxf6 Qxd3+ 31. Kc1 Qd2+ 32. Kb1 Qxg2 1-0

[Event "ch-FRA Blitz Online Qual"]
[Site "Europe-Chess INT"]
[Date "2020.05.16"]
[Round "14"]
[White "Derige Kane, Yan"]
[Black "Vedmediuc, Serghei"]
[Result "0-1"]
[BlackTitle "IM"]
[WhiteElo "2236"]
[BlackElo "2464"]
[WhiteFideId "20665431"]
[BlackFideId "13900790"]
[EventDate "2020.05.16"]

1. d4 g6 2. e4 Bg7 3. Nc3 c6 4. Nf3 d6 5. Be3 Qb6 6. Qc1 Nf6 7. h3 O-O 8. Bd3
Nbd7 9. e5 Nd5 10. Nxd5 cxd5 11. O-O dxe5 12. dxe5 Qc7 13. e6 fxe6 14. Bh6 e5
15. Bxg7 Kxg7 16. Qg5 e4 17. Rfe1 Nf6 18. Nd4 exd3 19. cxd3 Rf7 20. Rac1 Qd8 21.
Re5 Bd7 22. Rce1 Rc8 23. f4 Qb6 24. Rxe7 Qxd4+ 25. Kh2 Rf8 26. h4 h6 27. Qg3
Rxe7 28. Rxe7+ Rf7 29. Re5 Ng4+ 0-1

[Event "ch-FRA Blitz Online Qual"]
[Site "Europe-Chess INT"]
[Date "2020.05.16"]
[Round "14"]
[White "Hutois, Mickael"]
[Black "Marcelin, Cyril"]
[Result "0-1"]
[WhiteTitle "FM"]
[BlackTitle "GM"]
[WhiteElo "2261"]
[BlackElo "2444"]
[WhiteFideId "652091"]
[BlackFideId "607274"]
[EventDate "2020.05.16"]

1. e4 c6 2. d4 g6 3. c4 Bg7 4. Nc3 d6 5. f4 Qb6 6. Nf3 Bg4 7. e5 Nh6 8. Na4 Qa5+
9. Bd2 Bxf3 10. Bxa5 Bxd1 11. Rxd1 Nf5 12. Kf2 h5 13. g3 Na6 14. Bh3 b6 15. Be1
c5 16. Bxf5 gxf5 17. Bc3 cxd4 18. Bxd4 dxe5 19. fxe5 O-O-O 20. Rhe1 Nb4 21. Bc3
Nd3+ 22. Ke3 Nxe1 23. Rxe1 e6 24. Bd4 Bh6+ 25. Kd3 Rxd4+ 26. Kxd4 Rd8+ 27. Kc3
Bd2+ 0-1

[Event "ch-FRA Blitz Online Qual"]
[Site "Europe-Chess INT"]
[Date "2020.05.16"]
[Round "14"]
[White "Joie, Sebastien"]
[Black "Di Nicolantonio, Lucas"]
[Result "1/2-1/2"]
[WhiteTitle "IM"]
[BlackTitle "IM"]
[WhiteElo "2393"]
[BlackElo "2414"]
[WhiteFideId "650420"]
[BlackFideId "680460"]
[EventDate "2020.05.16"]

1. e4 c5 2. Nc3 d6 3. g3 g6 4. Bg2 Bg7 5. d3 Nc6 6. Nh3 Nf6 7. O-O O-O 8. f4 Rb8
9. Nf2 Nd7 10. g4 b5 11. f5 b4 12. Ne2 a5 13. a4 bxa3 14. Rxa3 Nde5 15. Nf4 Ba6
16. h4 c4 17. d4 Nxd4 18. g5 gxf5 19. Nh5 Bh8 20. Nf6+ exf6 21. Qxd4 fxg5 22.
Qa7 Ra8 23. Qe3 f4 24. Qh3 Bc8 25. Qh1 h6 26. hxg5 hxg5 27. Bh3 Qf6 28. Bxc8
Raxc8 29. Rh3 Bg7 30. Qg2 Qg6 31. Ng4 Nxg4 32. Qxg4 f5 33. exf5 Qxf5 34. Qg2 g4
35. Rh4 f3 36. Qxg4 Qxg4+ 37. Rxg4 Kh7 38. Kf2 Rce8 39. Rh1+ Kg8 40. Bh6 Re2+
41. Kf1 Rg2 42. Rxg2 fxg2+ 43. Kxg2 Bxh6 44. Rxh6 Rb8 45. b3 cxb3 46. cxb3 Rb6
47. Rh5 Ra6 48. Kf2 Kf7 49. Ke2 Ke6 50. Kd3 Kd7 51. Kc4 Kc6 52. Rh6 Rb6 53. Rh5
Rb4+ 54. Kc3 Rb5 55. Rh8 Rc5+ 56. Kd4 Rb5 57. Kc4 Rb4+ 58. Kc3 d5 59. Rc8+ Kb5
60. Rd8 d4+ 61. Kc2 Kc5 62. Rc8+ Kd5 63. Rd8+ Ke4 64. Re8+ Kf4 65. Rf8+ Ke5 66.
Re8+ Kd6 67. Rd8+ Ke7 68. Ra8 Rb5 69. Kd3 Rd5 70. Rh8 Kd6 71. Kc4 Rc5+ 72. Kxd4
Rb5 73. Kc4 Rb4+ 74. Kc3 Kc5 75. Rh5+ Kb6 76. Rh6+ Kb5 77. Rh5+ Kb6 78. Rg5 Rh4
79. Kb2 Rh3 80. Ka3 Rh4 81. Re5 Rg4 1/2-1/2

[Event "ch-FRA Blitz Online Qual"]
[Site "Europe-Chess INT"]
[Date "2020.05.16"]
[Round "14"]
[White "Riff, Vincent"]
[Black "Tokhirjonova, Gulrukhbegim"]
[Result "1-0"]
[WhiteTitle "FM"]
[BlackTitle "WGM"]
[WhiteElo "2405"]
[BlackElo "2378"]
[WhiteFideId "617776"]
[BlackFideId "14203626"]
[EventDate "2020.05.16"]

1. e4 e5 2. Nf3 Nc6 3. d4 exd4 4. Nxd4 Nf6 5. Nxc6 bxc6 6. e5 Qe7 7. Qe2 Nd5 8.
h4 a5 9. Nd2 Ba6 10. Qe4 Bxf1 11. Kxf1 f6 12. c4 Nb6 13. exf6 gxf6 14. b3 Qxe4
15. Nxe4 Kf7 16. Bb2 Be7 17. Rh3 d5 18. cxd5 cxd5 19. Ng3 Rhe8 20. Nf5 Bf8 21.
Rc1 c5 22. Rf3 Re6 23. g4 Kg8 24. Ng3 d4 25. Nh5 Nd5 26. Rf5 Rd8 27. Ba3 d3 28.
Bb2 Be7 29. Rd1 Nb4 30. Nf4 Re4 31. a3 Nc2 32. Rxd3 Nd4 33. Bxd4 cxd4 34. Ne2
Rxg4 35. Rxa5 Rxh4 36. Ra4 Kf7 37. Ra7 Ke6 38. Ng3 h5 39. Rxe7+ 1-0

[Event "ch-FRA Blitz Online Qual"]
[Site "Europe-Chess INT"]
[Date "2020.05.16"]
[Round "14"]
[White "Migot, Tangi"]
[Black "Buksa, Nataliya"]
[Result "1-0"]
[WhiteTitle "IM"]
[BlackTitle "IM"]
[WhiteElo "2351"]
[BlackElo "2410"]
[WhiteFideId "662445"]
[BlackFideId "14123622"]
[EventDate "2020.05.16"]

1. e4 c5 2. Nf3 Nc6 3. Bb5 g6 4. Bxc6 dxc6 5. d3 Bg7 6. h3 Nf6 7. Nc3 Nd7 8. Be3
e5 9. Qd2 h6 10. a3 b6 11. b4 Qe7 12. O-O cxb4 13. axb4 Qxb4 14. Rfb1 Qe7 15.
Bxb6 Nxb6 16. Rxb6 axb6 17. Rxa8 O-O 18. Qe3 Qb4 19. Qd2 Be6 20. Ra4 Qc5 21. Ne2
b5 22. Ra6 b4 23. Ra4 Rb8 24. Nc1 Qb5 25. Ra7 c5 26. Nb3 Qb6 27. Ra1 c4 28. dxc4
Bxc4 29. Rb1 Rd8 30. Qe1 Be6 31. Nc1 Qc5 32. Nd3 Qxc2 33. Nxb4 Qc7 34. Rc1 Qd6
35. Rc6 Qd1 36. Rc1 Qxe1+ 37. Rxe1 g5 38. Nc6 f6 39. Nxd8 1-0

[Event "ch-FRA Blitz Online Qual"]
[Site "Europe-Chess INT"]
[Date "2020.05.16"]
[Round "14"]
[White "Popov, Konstantin"]
[Black "Guliyev, Namig"]
[Result "0-1"]
[WhiteTitle "FM"]
[BlackTitle "GM"]
[WhiteElo "2366"]
[BlackElo "2529"]
[WhiteFideId "34137910"]
[BlackFideId "13400363"]
[EventDate "2020.05.16"]

1. e4 c5 2. Nf3 e6 3. d4 cxd4 4. Nxd4 Nf6 5. Nc3 d6 6. g3 a6 7. Bg2 Qc7 8. O-O
Be7 9. a4 Nc6 10. Nb3 b6 11. Be3 Bb7 12. f4 O-O 13. g4 Nd7 14. g5 Na5 15. Nxa5
bxa5 16. Qh5 g6 17. Qh4 Rfe8 18. Rf3 h5 19. Rh3 Bf8 20. Rf1 Bg7 21. f5 exf5 22.
exf5 Bxg2 23. Kxg2 Qc6+ 24. Kg1 d5 25. Bd4 Ne5 26. Rg3 Rab8 27. b3 Rb4 28. f6
Bf8 29. Ne2 Qxc2 30. Re3 Bc5 31. Qf4 Qxe2 32. Bxc5 Rxf4 33. Rxe2 Re4 34. Rxe4
dxe4 35. Rd1 Nd3 36. Bb6 Re5 37. Kf1 Rxg5 38. Ke2 Rf5 39. Ke3 Rxf6 40. Bd4 Re6
41. h4 f5 42. Rg1 f4+ 43. Ke2 Kf7 44. Rg5 Rc6 45. Rxa5 Rc2+ 46. Kd1 Rg2 47. Rd5
e3 48. Bxe3 Nb2+ 49. Kc1 fxe3 50. Re5 Nd3+ 0-1

[Event "ch-FRA Blitz Online Qual"]
[Site "Europe-Chess INT"]
[Date "2020.05.16"]
[Round "14"]
[White "Lagarde, Maxime"]
[Black "Milliet, Sophie"]
[Result "1-0"]
[WhiteTitle "GM"]
[BlackTitle "IM"]
[WhiteElo "2655"]
[BlackElo "2401"]
[WhiteFideId "662399"]
[BlackFideId "623725"]
[EventDate "2020.05.16"]

1. e4 c5 2. Nc3 Nc6 3. Bb5 Nd4 4. Nf3 a6 5. Bd3 g6 6. O-O Bg7 7. Rb1 d6 8. h3
Nf6 9. a3 O-O 10. b4 b6 11. Re1 Nxf3+ 12. Qxf3 Nd7 13. e5 Ra7 14. exd6 Ne5 15.
Qg3 Nxd3 16. Qxd3 exd6 17. bxc5 bxc5 18. Nd5 Bf5 19. Qb3 Re8 20. Rxe8+ Qxe8 21.
Qb8 Ra8 22. Qxe8+ Rxe8 23. Ne3 d5 24. d3 Be6 25. Kf1 Bc3 26. Nd1 Ba5 27. Bf4 d4
28. Rb8 Bc8 29. f3 Kg7 30. Bg3 Bd2 31. Nb2 Bc1 32. Nc4 Bd7 33. Rxe8 Bxe8 34. Bd6
Bb5 35. Bxc5 Bxc4 36. dxc4 Bb2 37. Ke2 Kf6 38. Kd3 Ke5 39. a4 f5 40. Bb6 g5 41.
Bd8 h6 42. Bb6 h5 43. Bd8 g4 44. fxg4 fxg4 45. hxg4 hxg4 46. Bc7+ Kf5 47. Bg3
Ba1 48. c5 Ke6 49. Ke4 Bc3 50. Bf2 Kd7 51. Bxd4 Be1 52. Kd5 Bg3 53. c6+ Kc8 54.
Be5 Bf2 55. Ke4 1-0

[Event "ch-FRA Blitz Online Qual"]
[Site "Europe-Chess INT"]
[Date "2020.05.16"]
[Round "14"]
[White "Barseghyan, Harutyun"]
[Black "Edouard, Romain"]
[Result "1-0"]
[WhiteTitle "IM"]
[BlackTitle "GM"]
[WhiteElo "2463"]
[BlackElo "2649"]
[WhiteFideId "13304585"]
[BlackFideId "633429"]
[EventDate "2020.05.16"]

1. d4 Nf6 2. Nf3 g6 3. Nbd2 d5 4. e3 Bg7 5. b4 O-O 6. Be2 Ne4 7. Nxe4 dxe4 8.
Nd2 e5 9. c3 a5 10. b5 c5 11. bxc6 Nxc6 12. Nxe4 f5 13. Nc5 f4 14. O-O fxe3 15.
fxe3 Rxf1+ 16. Bxf1 exd4 17. cxd4 Nxd4 18. Bb2 Ne6 19. Qxd8+ Nxd8 20. Bc4+ Kh8
21. Rd1 Nc6 22. Bxg7+ Kxg7 23. Nxb7 Ne5 24. Bd5 Ra6 25. Nc5 Rb6 26. Bb3 Rb5 27.
Rd5 Ng4 28. Ne6+ Bxe6 29. Rxb5 Bf5 30. Rxa5 Nxe3 31. Rc5 Kf6 32. Bd5 Ke5 33.
Bf3+ Kd4 34. Rc7 h5 35. a4 Nc4 36. h4 Bc2 37. Be2 Bb3 38. Bxc4 Bxc4 39. a5 1-0